Normal view
MARC view
- KADARI, MUHAMMAD ILYAS ATTAR MUHAMMAD ILYAS ATTAR KADARI RIZVI
Entry Personal Name
001 - CONTROL NUMBER
- control field: 20645
003 - CONTROL NUMBER IDENTIFIER
- control field: NUST
005 - DATE AND TIME OF LATEST TRANSACTION
- control field: 20190913105106.0
008 - FIXED-LENGTH DATA ELEMENTS
- fixed length control field: 190913|| aca||aabn | a|a d
040 ## - CATALOGING SOURCE
- Original cataloging agency: NUST
- Transcribing agency: NUST
100 ## - HEADING--PERSONAL NAME
- Personal name: KADARI, MUHAMMAD ILYAS ATTAR MUHAMMAD ILYAS ATTAR KADARI RIZVI
670 ## - SOURCE DATA FOUND
- Source citation: Work cat.: (NUST): KADARI, MUHAMMAD ILYAS ATTAR MUHAMMAD ILYAS ATTAR KADARI RIZVI, FIYZAN -E- SUNNAT, 1990
